[Event "EYCC 2024 - O18"]
[Site "?"]
[Date "2024.08.22"]
[Round "1.1"]
[White "Sokolovsky, Yahli"]
[Black "Torres Rebolledo, Victor"]
[Result "1-0"]
[BlackElo "2184"]
[WhiteElo "2522"]
[LiveChessVersion "1.4.8"]

1. e4 {[%clk 1:30:56]} c6 {[%clk 1:30:44]} 2. Nf3 {[%clk 1:31:20]} d5
{[%clk 1:31:07]} 3. Nc3 {[%clk 1:31:44]} dxe4 {[%clk 1:31:20]} 4. Nxe4
{[%clk 1:32:09]} Nf6 {[%clk 1:31:44]} 5. Qe2 {[%clk 1:32:32]} Na6
{[%clk 1:31:54]} 6. a3 {[%clk 1:32:56]} Bf5 {[%clk 1:21:01]} 7. d3
{[%clk 1:32:26]} h6 {[%clk 1:04:28]} 8. Nxf6+ {[%clk 1:31:24]} gxf6
{[%clk 1:04:49]} 9. g3 {[%clk 1:28:59]} Qd7 {[%clk 1:01:55]} 10. Be3
{[%clk 1:17:03]} Nc7 {[%clk 0:59:15]} 11. Nh4 {[%clk 1:11:34]} Bh3
{[%clk 0:54:59]} 12. Bxh3 {[%clk 1:09:47]} Qxh3 {[%clk 0:55:26]} 13. O-O-O
{[%clk 1:08:23]} Qe6 {[%clk 0:47:37]} 14. c4 {[%clk 1:07:59]} O-O-O
{[%clk 0:40:02]} 15. Rhe1 {[%clk 1:02:11]} Kb8 {[%clk 0:34:58]} 16. Qh5
{[%clk 1:01:46]} Qd7 {[%clk 0:33:35]} 17. Qxf7 {[%clk 1:00:48]} Qe8
{[%clk 0:32:59]} 18. Qxe8 {[%clk 1:01:05]} Rxe8 {[%clk 0:33:02]} 19. d4
{[%clk 0:52:48]} e6 {[%clk 0:28:19]} 20. Ng6 {[%clk 0:47:10]} Rh7
{[%clk 0:28:40]} 21. Bf4 {[%clk 0:44:23]} Kc8 {[%clk 0:27:41]} 22. Bxc7
{[%clk 0:44:17]} Kxc7 {[%clk 0:28:01]} 23. Nxf8 {[%clk 0:41:32]} Rxf8
{[%clk 0:28:29]} 24. Rxe6 {[%clk 0:41:55]} Rd7 {[%clk 0:28:36]} 25. Kc2
{[%clk 0:42:13]} 1-0

[Event "EYCC 2024 - O18"]
[Site "?"]
[Date "2024.08.22"]
[Round "1.2"]
[White "Ribeiro, Gustavo"]
[Black "Klimkowski, Jan"]
[Result "0-1"]
[BlackElo "2508"]
[WhiteElo "2183"]
[LiveChessVersion "1.4.8"]

1. e4 {[%clk 1:30:58]} e5 {[%clk 1:30:54]} 2. Nf3 {[%clk 1:31:25]} Nc6
{[%clk 1:31:20]} 3. Nc3 {[%clk 1:31:51]} Nf6 {[%clk 1:31:44]} 4. d4
{[%clk 1:32:16]} Bb4 {[%clk 1:32:08]} 5. d5 {[%clk 1:29:30]} Ne7 {[%clk 1:32:11]}
6. Bd3 {[%clk 1:23:01]} d6 {[%clk 1:31:46]} 7. O-O {[%clk 1:21:24]} Bxc3
{[%clk 1:28:20]} 8. bxc3 {[%clk 1:21:06]} Ng6 {[%clk 1:21:37]} 9. h3
{[%clk 1:15:56]} O-O {[%clk 1:21:00]} 10. Nh2 {[%clk 1:14:32]} Nd7
{[%clk 1:16:39]} 11. Qf3 {[%clk 1:10:49]} Nc5 {[%clk 1:14:46]} 12. g4
{[%clk 1:08:59]} c6 {[%clk 1:12:17]} 13. c4 {[%clk 1:04:19]} Bd7 {[%clk 1:10:07]}
14. Qg3 {[%clk 1:00:51]} b5 {[%clk 1:05:54]} 15. cxb5 {[%clk 0:58:56]} cxd5
{[%clk 0:59:46]} 16. exd5 {[%clk 0:58:36]} Nxd3 {[%clk 1:00:10]} 17. Qxd3
{[%clk 0:58:54]} f5 {[%clk 1:00:35]} 18. Re1 {[%clk 0:40:03]} e4 {[%clk 0:54:29]}
19. Qg3 {[%clk 0:36:44]} f4 {[%clk 0:43:21]} 20. Qc3 {[%clk 0:33:05]} e3
{[%clk 0:40:32]} 21. Bb2 {[%clk 0:18:11]} Ne5 {[%clk 0:39:18]} 22. f3
{[%clk 0:17:10]} Qh4 {[%clk 0:38:06]} 23. Re2 {[%clk 0:16:45]} Qxh3
{[%clk 0:35:58]} 24. Rg2 {[%clk 0:16:20]} Rf7 {[%clk 0:35:13]} 25. Qb4
{[%clk 0:15:57]} Ng6 {[%clk 0:31:13]} 0-1

[Event "EYCC 2024 - O18"]
[Site "?"]
[Date "2024.08.22"]
[Round "1.3"]
[White "Malek, Jan"]
[Black "Bermudez Ureba, Juan Diego"]
[Result "1-0"]
[BlackElo "2183"]
[WhiteElo "2482"]
[LiveChessVersion "1.4.8"]

1. d4 {[%clk 1:30:58]} Nf6 {[%clk 1:30:53]} 2. c4 {[%clk 1:31:24]} e6
{[%clk 1:31:19]} 3. Nf3 {[%clk 1:31:49]} b6 {[%clk 1:29:22]} 4. a3
{[%clk 1:32:13]} d5 {[%clk 1:26:37]} 5. cxd5 {[%clk 1:32:03]} exd5
{[%clk 1:26:59]} 6. Nc3 {[%clk 1:32:10]} a6 {[%clk 1:22:22]} 7. Bf4
{[%clk 1:23:21]} Bd6 {[%clk 1:13:02]} 8. Be5 {[%clk 1:23:37]} Bb7
{[%clk 1:09:52]} 9. Qa4+ {[%clk 1:19:05]} c6 {[%clk 0:58:20]} 10. Bxf6
{[%clk 1:17:51]} gxf6 {[%clk 0:57:39]} 11. e3 {[%clk 1:14:46]} Nd7
{[%clk 0:52:28]} 12. Bd3 {[%clk 1:11:14]} Nf8 {[%clk 0:51:02]} 13. Nh4
{[%clk 1:02:52]} Ne6 {[%clk 0:48:01]} 14. Nf5 {[%clk 1:02:15]} Bc7
{[%clk 0:48:27]} 15. O-O {[%clk 1:00:45]} Qd7 {[%clk 0:48:20]} 16. Rac1
{[%clk 0:52:10]} c5 {[%clk 0:42:19]} 17. dxc5 {[%clk 0:51:24]} bxc5
{[%clk 0:41:36]} 18. Qh4 {[%clk 0:49:43]} O-O-O {[%clk 0:31:19]} 19. Rfd1
{[%clk 0:49:22]} Rhg8 {[%clk 0:19:26]} 20. Qxf6 {[%clk 0:37:45]} Kb8
{[%clk 0:15:26]} 21. Ne7 {[%clk 0:37:06]} Qd6 {[%clk 0:09:52]} 22. g3
{[%clk 0:35:18]} Rg5 {[%clk 0:09:50]} 23. Be4 {[%clk 0:33:12]} Nf4
{[%clk 0:03:08]} 24. Qxd6 {[%clk 0:33:34]} Bxd6 {[%clk 0:03:19]} 25. exf4
{[%clk 0:33:24]} 1-0

[Event "EYCC 2024 - O18"]
[Site "?"]
[Date "2024.08.22"]
[Round "1.4"]
[White "Bakija, Alan"]
[Black "Rozen, Eytan"]
[Result "0-1"]
[BlackElo "2478"]
[WhiteElo "2171"]
[LiveChessVersion "1.4.8"]

1. Nf3 {[%clk 1:30:57]} c5 {[%clk 1:30:19]} 2. c4 {[%clk 1:31:14]} Nc6
{[%clk 1:30:35]} 3. g3 {[%clk 1:30:46]} g6 {[%clk 1:31:00]} 4. Bg2
{[%clk 1:31:12]} Bg7 {[%clk 1:31:26]} 5. Nc3 {[%clk 1:31:30]} d6 {[%clk 1:31:51]}
6. O-O {[%clk 1:31:48]} Bf5 {[%clk 1:31:10]} 7. b3 {[%clk 1:28:52]} Qd7
{[%clk 1:28:34]} 8. Bb2 {[%clk 1:26:05]} Bh3 {[%clk 1:27:53]} 9. Qc2
{[%clk 1:25:59]} Nf6 {[%clk 1:22:37]} 10. Nd5 {[%clk 1:24:49]} Bxg2
{[%clk 1:19:43]} 11. Kxg2 {[%clk 1:18:19]} O-O {[%clk 1:19:04]} 12. Nxf6+
{[%clk 1:18:00]} Bxf6 {[%clk 1:17:58]} 13. Bxf6 {[%clk 1:18:23]} exf6
{[%clk 1:18:25]} 14. Rad1 {[%clk 1:15:34]} Rfe8 {[%clk 1:14:49]} 15. d4
{[%clk 1:14:29]} Qe7 {[%clk 1:15:11]} 16. e3 {[%clk 1:01:15]} f5 {[%clk 1:14:52]}
17. Rd2 {[%clk 0:55:00]} Nb4 {[%clk 1:08:56]} 18. Qb1 {[%clk 0:51:40]} Rad8
{[%clk 1:07:55]} 19. d5 {[%clk 0:48:26]} Qf6 {[%clk 1:05:09]} 20. a3
{[%clk 0:43:56]} Na6 {[%clk 1:05:32]} 21. Qb2 {[%clk 0:42:35]} Kg7
{[%clk 1:05:07]} 22. Rb1 {[%clk 0:41:29]} Re4 {[%clk 1:01:40]} 23. Ng5
{[%clk 0:38:47]} Qxb2 {[%clk 1:01:51]} 24. Rdxb2 {[%clk 0:36:17]} Re7
{[%clk 1:02:14]} 25. h4 {[%clk 0:35:40]} h6 {[%clk 1:00:29]} 26. Nf3
{[%clk 0:36:03]} Kf6 {[%clk 1:00:52]} 27. b4 {[%clk 0:33:10]} g5 {[%clk 0:59:10]}
28. hxg5+ {[%clk 0:27:07]} hxg5 {[%clk 0:59:38]} 29. Nd2 {[%clk 0:26:57]} Rc8
{[%clk 0:56:41]} 30. Kf3 {[%clk 0:24:20]} Rh8 {[%clk 0:52:17]} 31. Kg2
{[%clk 0:22:46]} Ree8 {[%clk 0:48:46]} 32. Nb3 {[%clk 0:14:57]} cxb4
{[%clk 0:45:28]} 33. axb4 {[%clk 0:15:26]} Nxb4 {[%clk 0:45:49]} 34. Na5
{[%clk 0:15:52]} Nd3 {[%clk 0:45:03]} 35. Rxb7 {[%clk 0:15:55]} Rh7
{[%clk 0:41:44]} 36. Rb8 {[%clk 0:10:27]} Rxb8 {[%clk 0:38:42]} 37. Rxb8
{[%clk 0:10:55]} Ne5 {[%clk 0:38:45]} 38. Rd8 {[%clk 0:10:41]} Ke7
{[%clk 0:37:44]} 39. Ra8 {[%clk 0:11:08]} Ng4 {[%clk 0:37:46]} 40. Rxa7+
{[%clk 0:10:59]} Kf6 {[%clk 0:38:14]} 41. c5 {[%clk 0:08:11]} Rh2+
{[%clk 0:34:59]} 42. Kg1 {[%clk 0:04:59]} Rxf2 {[%clk 0:35:09]} 43. c6
{[%clk 0:05:06]} Rc2 {[%clk 0:31:59]} 44. Rd7 {[%clk 0:00:42]} Rc1+
{[%clk 0:31:39]} 45. Kg2 {[%clk 0:01:08]} Nxe3+ {[%clk 0:32:04]} 46. Kf3
{[%clk 0:01:25]} Nxd5 {[%clk 0:32:05]} 47. Rxd6+ {[%clk 0:01:45]} Ke5
{[%clk 0:32:34]} 48. Rd8 {[%clk 0:00:48]} g4+ {[%clk 0:31:42]} 49. Ke2
{[%clk 0:00:51]} Rc2+ {[%clk 0:29:34]} 50. Kd3 {[%clk 0:00:35]} Nb4+
{[%clk 0:28:34]} 51. Ke3 {[%clk 0:01:03]} Nxc6 {[%clk 0:27:35]} 52. Re8+
{[%clk 0:00:43]} Kf6 {[%clk 0:27:42]} 53. Rc8 {[%clk 0:00:33]} Nd4
{[%clk 0:27:14]} 54. Nc4 {[%clk 0:00:56]} Ne6 0-1

[Event "EYCC 2024 - O18"]
[Site "?"]
[Date "2024.08.22"]
[Round "1.6"]
[White "Taranowicz, Michal"]
[Black "Razafindratsima, Timothe"]
[Result "0-1"]
[BlackElo "2457"]
[WhiteElo "2164"]
[LiveChessVersion "1.4.8"]

1. e4 {[%clk 1:30:58]} c5 {[%clk 1:30:40]} 2. Nf3 {[%clk 1:31:18]} e6
{[%clk 1:30:49]} 3. d4 {[%clk 1:31:44]} cxd4 {[%clk 1:31:10]} 4. Nxd4
{[%clk 1:32:10]} Nf6 {[%clk 1:31:28]} 5. Nc3 {[%clk 1:32:32]} Nc6
{[%clk 1:31:44]} 6. a3 {[%clk 1:32:55]} d6 {[%clk 1:19:30]} 7. Be3
{[%clk 1:30:22]} Be7 {[%clk 1:17:57]} 8. Be2 {[%clk 1:28:36]} O-O
{[%clk 1:16:00]} 9. Qd2 {[%clk 1:18:49]} e5 {[%clk 1:06:18]} 10. Nb3
{[%clk 1:17:13]} Be6 {[%clk 1:06:28]} 11. Rd1 {[%clk 1:11:10]} a5
{[%clk 0:54:09]} 12. O-O {[%clk 1:04:14]} a4 {[%clk 0:41:36]} 13. Nc1
{[%clk 1:04:31]} h6 {[%clk 0:38:25]} 14. f4 {[%clk 0:50:35]} exf4
{[%clk 0:33:58]} 15. Bxf4 {[%clk 0:48:41]} Ra5 {[%clk 0:32:05]} 16. Bf3
{[%clk 0:41:39]} Ne5 {[%clk 0:29:59]} 17. Bxe5 {[%clk 0:25:16]} dxe5
{[%clk 0:27:39]} 18. Qxd8 {[%clk 0:24:35]} Bxd8 {[%clk 0:28:07]} 19. Nd3
{[%clk 0:24:25]} Bb6+ {[%clk 0:13:46]} 20. Kh1 {[%clk 0:24:39]} Bc4
{[%clk 0:14:07]} 21. Rfe1 {[%clk 0:23:16]} Re8 {[%clk 0:07:52]} 22. g3
{[%clk 0:21:36]} g5 {[%clk 0:05:23]} 23. Rd2 {[%clk 0:15:32]} Kg7
{[%clk 0:03:24]} 24. Nb4 {[%clk 0:10:22]} Bd4 {[%clk 0:03:51]} 25. Nd1
{[%clk 0:10:21]} Be6 {[%clk 0:03:01]} 26. Ne3 {[%clk 0:09:51]} Bxb2
{[%clk 0:02:48]} 27. Rd3 {[%clk 0:09:02]} Rc5 {[%clk 0:02:12]} 28. Nbd5
{[%clk 0:02:34]} Bxd5 {[%clk 0:02:10]} 29. Nxd5 {[%clk 0:00:59]} Nxd5
{[%clk 0:02:14]} 30. exd5 {[%clk 0:01:07]} Rxc2 {[%clk 0:02:20]} 31. d6
{[%clk 0:01:01]} b5 {[%clk 0:02:47]} 32. Bd1 {[%clk 0:00:42]} Rc1
{[%clk 0:02:53]} 33. Re2 {[%clk 0:00:37]} Bxa3 {[%clk 0:03:06]} 34. Kg2
{[%clk 0:00:43]} Rd8 {[%clk 0:02:55]} 35. d7 {[%clk 0:00:47]} f6 {[%clk 0:03:04]}
36. Bc2 {[%clk 0:00:45]} Bc5 {[%clk 0:02:02]} 37. Rd5 {[%clk 0:01:03]} a3
{[%clk 0:02:28]} 38. Bb3 {[%clk 0:00:40]} Rc3 {[%clk 0:02:50]} 39. Ba2
{[%clk 0:00:36]} b4 {[%clk 0:03:16]} 40. Red2 {[%clk 0:00:36]} Be3
{[%clk 0:03:25]} 41. R2d3 {[%clk 0:00:33]} Bd4 {[%clk 0:03:08]} 42. Rxc3
{[%clk 0:00:31]} bxc3 {[%clk 0:03:32]} 43. Bb3 {[%clk 0:00:51]} c2
{[%clk 0:03:36]} 0-1